000 00644cam a2200217 4500500
005 20260405002650.0
041 _afre
042 _adc
100 1 0 _aTenaillon, Nicolas
_eauthor
245 0 0 _aFigures du néant et de la négation entre Orient et Occident
260 _c2018.
500 _a68
690 _aÊtre
690 _aFrançoise Dastur
690 _aNon-Être
690 _aOccident
690 _aOrient
690 _aRien
786 0 _nPhilosophie magazine | 117 | 3 | 2018-03-01 | p. 57-57 | 1951-1787
856 4 1 _uhttps://shs.cairn.info/magazine-philosophie-magazine-2018-3-page-57?lang=fr&redirect-ssocas=7080
999 _c2059877
_d2059877